000 00289pam a2200121 a 4500
020 _c
041 _h
100 _aby walter T. foster .
245 _aDrawing Animals
_hTextual Documents
260 _a[s.l]:
_bUnited States in America ,
_c2005.
300 _a31:
_bpaper.
930 _a6932
999 _c240722
_d240722